000 00764nam a22002417a 4500
005 20250327150058.0
008 250327b |||||||| |||| 00| 0 eng d
020 _a978-93-6080-111-3 (hbk)
037 _cTB
040 _aCRL
_cCRL
041 _2eng
_aeng
084 _a Δ73:(Y15).49G R2
_qCRL
100 _aAftab, Tahera
_939738
245 _aSufi women of South Asia:
_bVeiled friends of god
260 _aNew Delhi, India:
_bManohar,
_c2025
300 _axxi, 595p.
365 _b2895.00
_cINR
650 _aSufism
650 _aWomen
650 _aSpirituals
_9747555
942 _2CC
_cTB
_hΔ73:(Y15).49G R2
_n0
999 _c1308240
_d1308240